000 00589nam a2200229Ia 4500
005 20250425162206.0
008 250425s9999 xx 000 0 und d
020 _a0821346911
041 _aspa
082 _a332.153 2
100 _aBANCO, MUNDIAL
245 0 _aBANCO MUNDIAL: INFORME ANUAL 2000: EXAMEN ANUAL E INFORMACION FINANCIERA RESUMIDA
250 _a1A ED.
260 _aEstados Unidos
_bBANCO MUNDIAL
_c2000
260 _aWASHINGTON
300 _a172
650 _aBANCO MUNDIAL
650 _aINFORMES
710 _aBANCO MUNDIAL
942 _c01
010 _a55152
999 _c224200
_d224200